01199cam a22003617a 4500003000500000005001700005008004100022010001000063011001000073020001500083022001400098035001000112040000900122082002100131110000800152245012800160260002400288300001200312410000800324490003500332590004100367590004200408650004100450650002200491810000800513830004100521901000700562905002300569942001000592949007900602999001700681952013900698CHAP20220817043516.0990209d1994 it rn 0 11 eng d a76991 a77963 a9251035911 a1020-1211 a87739 cCHAP04a334.683bF32 v.72 aFAO10aOrganization and management of agricultural services for small farmers of Eastern Europe :breport of the workshopc/by FAO aRome :bFAO,c1994. a20 p. :2 aFAO 0aAgriculture in transitionv; 7 aBATCH-UPDb10c20130110lUCH01h1156 aCONVERSIONb10c20130109lUCH01h134214aAgriculturaxEuropazEuropa.917538814aServicios91053270 aFAO00aAgriculture in transitionv; 792128 aBK aLilia Sánchez G. cLIBRO a334.683 F32 v.7bBCcFAOd33724000718508eFAO1h94606i87739kDonaciØnsb c76991d76991 00104053708FAOaBCbBCcPP_FAOd2019-12-31fLIBROi127l0o334.683 F32 v.7p33724000718508r2019-12-31 00:00:00w2019-12-31yLIBRO